01053nam a2200229Ia 4500001000700000003000500007008004100012010001100053040000900064082002300073110006900096240003100165245009800196246005800294260004200352300001100394500008300405503005400488650005700542650004100599710018300640Z_6986CHAP220113s2017 xx 000 0 und d a170244 cCHAP aC 630.972 M49 2017 aMéxico. bServicio de Información Agroalimentaria y Pesquera aAtlas agroalimentario 2017 aAtlas agroalimentario México 2017 /c Servicio de Información Agroalimentaria y Pesquera aAtlas agroalimentario 2017 : México siembra éxito aMéxico :bSAGARPA :,bSIAP,c2017 a231 p. aTítulo de la cubierta: Atlas agroalimentario 2017 : México siembra éxito aej.1: donación (SIAP) \ ej.2: donación (SIAP) aAbastecimiento de alimentos xx México xx Atlas aAgricultura xx México xx Atlas aServicio de Información Agroalimentaria y Pesquera (SIAP). (México) \ Secretaría de Agricultura, Ganadería, Desarrollo Rural, Pesca y Alimentación (SAGARPA). (México)